000 00566nam a22001697a 4500
005 20231108130250.0
008 231108b |||||||| |||| 00| 0 eng d
041 _aEnglish
082 _a346.3 COR
100 _aCorbett, MM and Buchanan JL
_lEnglish
245 _aThe Quantum of Damages in Bodily and Fatal Injury Cases /
_cMM Corbett and JL Buchanan
250 _aSecond Edition
260 _aCape Town :
_bJuta and Company Ltd,
_c1980
300 _bxl, 760 pages
_c26 cm.
650 _aLegal practice
_bLaw
942 _cBK
_6ALISON_BN_VRIES
999 _c436
_d436